Munícipios da Região do Grande ABC em um Mapa - Statistics

Estatísticas Gerais
  • Esse quiz foi jogado 134 vezes
  • A pontuação média é 6 de 7
Respostas no mapa
Respostas codificadas por cores de uma escala verde-vermelha no mapa do quiz de acordo com a % correta abaixo.
 
Estatísticas das Respostas
Resposta % Correto
Santo André
100%
São Bernardo do Campo
99%
Diadema
97%
São Caetano do Sul
97%
Mauá
94%
Ribeirão Pires
76%
Rio Grande da Serra
70%
Nenhum quiz correspondente encontrado
Distribuição das Pontuações
Porcentagem de Pessoas com Cada Pontuação
Percentil de Números Respondidos
Sua Pontuação Histórica
Você não jogou esse quiz